Poesias selectas : la lira de marfil /

Guardado en:
Autor Principal: Melendez Valdes, Juan
Formato: Libro
Publicado: Madrid : Castalia, 1981
Series:Clasicos Castalia, 108
Materias:
Etiquetas: Agregar Etiqueta
Sin Etiquetas, Sea el primero en etiquetar este registro!
LEADER 00587nam a22001815a 4500
001 EHU.bham007818
003 AR-BHAM
005 20091204150620.0
008 130507s1981##################000#0#####d
082 8 6 |a 861.4 
100 1 |a Melendez Valdes, Juan 
245 1 0 |a Poesias selectas :  |b la lira de marfil /  |c Juan Melendez Valdes. 
260 |a Madrid :  |b Castalia,  |c 1981 
300 |a 303 p. 
490 0 |a Clasicos Castalia, 108 
500 |a Introd. Y Notas De J.h.r.polt Y Georges Demerson 
653 |a Poesia espaÑola-1701-1800 
859 |a AR-BHAM  |b BIB. HUMANIDADES - General  |h 861.4  |i M483-2  |p 155.86  |t Ej.1